Extracts from the Lytton Report. (Record no. 61499)

MARC details
000 -LEADER
campo de control de longitud fija 00528nam a2200181 i 4500
001 - NÚMERO DE CONTROL
campo de control 61499
003 - IDENTIFICADOR DE NÚMERO DE CONTROL
campo de control ES-MaACL
005 - FECHA Y HORA DE LA ÚLTIMA TRANSACCIÓN
campo de control 20230906164453.0
007 - CAMPO FIJO DE DESCRIPCIÓN FÍSICA--INFORMACIÓN GENERAL
campo de control de longitud fija t|
008 - DATOS DE LONGITUD FIJA--INFORMACIÓN GENERAL
campo de control de longitud fija 031112s1932 sz |||| | eng d
245 00 - MENCIÓN DEL TÍTULO
Título Extracts from the Lytton Report.
260 ## - PUBLICACIÓN, DISTRIBUCIÓN, ETC.
Lugar de publicación, distribución, etc. Genève :
Nombre del editor, distribuidor, etc. Sonor,
Fecha de publicación, distribución, etc. 1932.
300 ## - DESCRIPCIÓN FÍSICA
Extensión 76 p. ;
Dimensiones 21 cm.
651 ## - PUNTO DE ACCESO ADICIONAL DE MATERIA--NOMBRE GEOGRÁFICO
Nombre geográfico Manchuria (China, Región)-
Subdivisión general Historia-
Subdivisión cronológica 1931-1945.
9 (RLIN) 173005
651 #4 - PUNTO DE ACCESO ADICIONAL DE MATERIA--NOMBRE GEOGRÁFICO
Nombre geográfico China-
Subdivisión general Relaciones-
Subdivisión cronológica Japón.
9 (RLIN) 8060
651 #4 - PUNTO DE ACCESO ADICIONAL DE MATERIA--NOMBRE GEOGRÁFICO
Nombre geográfico Japón-
Subdivisión general Relaciones-
Subdivisión geográfica China.
9 (RLIN) 8886
852 ## - LOCALIZACIÓN
Ubicación ES-MaACL
Número de control de estantería 1774-F-3
Holdings
Estatus retirado Estado de pérdida Estado de daño No para préstamo Colección Biblioteca de origen Biblioteca actual Ubicación en estantería Fecha de adquisición Fuente de adquisición Total de préstamos Signatura topográfica completa Código de barras Visto por última vez Precio de reemplazo Tipo de ítem Koha
        Colección de folletos Biblioteca del Ateneo de Madrid Biblioteca del Ateneo de Madrid Depósito folletos 17/01/2008     1774-F-3 1064484 23/02/2023 23/02/2023 Folleto